Vibračné zahlbovanie pilót do pružnoplastických zemín /
Saved in:
| Main Author: | |
|---|---|
| Format: | Manuscript Book |
| Published: |
Bratislava :
Service Fachverlag,
1965
|
| Tags: |
No Tags, Be the first to tag this record!
|
MARC
| LEADER | 00000ntm a22000003a 4500 | ||
|---|---|---|---|
| 001 | stu47342 | ||
| 005 | 20150617225712.6 | ||
| 008 | ------s1965----cs----------------------d | ||
| 040 | |a STU |b slo | ||
| 041 | 0 | ||
| 044 | |a cs | ||
| 080 | |a 534.232 | ||
| 080 | |a 624.154 | ||
| 100 | 1 | |a Michalíček, Milan |4 aut |u J250 |U SjF Ústav aplikovanej mechaniky a mechatroniky |T SjF Katedra technickej mechaniky |U J250 |Y 48 | |
| 245 | 1 | |a Vibračné zahlbovanie pilót do pružnoplastických zemín / |c [aut.] Michalíček,Milan | |
| 260 | |a Bratislava : |b Service Fachverlag, |c 1965 | ||
| 300 | |a 100 s | ||
| 996 | |b 284J002702 |c J*10373/DIZ. |l JJSK |s A |a 24 |w stu47342_0001 | ||